Discovering spiritual gifts among church members at Rhodene Seventh-day Adventist Church in Masvingo, Zimbabwe / (Record no. 25168)

MARC details
000 -LEADER
fixed length control field 00602nam a22001697a 4500
003 - CONTROL NUMBER IDENTIFIER
control field AUA.1
005 - DATE AND TIME OF LATEST TRANSACTION
control field 20251118161521.0
008 - FIXED-LENGTH DATA ELEMENTS--GENERAL INFORMATION
fixed length control field 250709b |||||||| |||| 00| 0 eng d
040 ## - CATALOGING SOURCE
Transcribing agency JTL
100 ## - MAIN ENTRY--PERSONAL NAME
Personal name Ncube, Lambart
245 ## - TITLE STATEMENT
Title Discovering spiritual gifts among church members at Rhodene Seventh-day Adventist Church in Masvingo, Zimbabwe /
Statement of responsibility, etc Lambart Ncube.
260 ## - PUBLICATION, DISTRIBUTION, ETC. (IMPRINT)
Date of publication, distribution, etc c2024.
300 ## - PHYSICAL DESCRIPTION
Extent vii, 75 leaves :
Other physical details Illustrations :
Dimensions 30cm.
610 ## - SUBJECT ADDED ENTRY--CORPORATE NAME
Corporate name or jurisdiction name as entry element Rhodene Seventh-day Adventist Church
Geographic subdivision Masvingo, Zimbabwe
650 ## - SUBJECT ADDED ENTRY--TOPICAL TERM
Topical term or geographic name as entry element Gifts, Spiritual
942 ## - ADDED ENTRY ELEMENTS (KOHA)
Source of classification or shelving scheme AUA Inhouse Classification
Koha item type Project
Classification part MA PTh
Item part .N38 2024
Holdings
Withdrawn status Lost status Source of classification or shelving scheme Damaged status Not for loan Collection code Home library Current library Shelving location Date acquired Source of acquisition Cost, normal purchase price Serial Enumeration / chronology Total Checkouts Full call number Barcode Date last seen Cost, replacement price Price effective from Koha item type
    Library of Congress Classification     JTL Research Collection Judith Thomas Library Judith Thomas Library Judith Thomas Library Research Section 09/07/2025 Theological Seminary 25.00 AUA27978   MA PTh .N38 2024 AUA27978 09/07/2025 25.00 09/07/2025 Project